FUNDAMENTAL LABORATORY MATHEMATICS: REQUIRED CALCULATION FOR THE MEDICAL LABORATORY PROFESSIONAL (Record no. 8632)

MARC details
000 -LEADER
fixed length control field 00492nam a22001697a 4500
005 - DATE AND TIME OF LATEST TRANSACTION
control field 20240902141051.0
008 - FIXED-LENGTH DATA ELEMENTS--GENERAL INFORMATION
fixed length control field 240902b |||||||| |||| 00| 0 eng d
020 ## - INTERNATIONAL STANDARD BOOK NUMBER
ISBN 978-0-8036-2949-3
041 ## - LANGUAGE CODE
Language code of text/sound track or separate title eng
082 ## - DEWEY DECIMAL CLASSIFICATION NUMBER
Classification number 610.15 BUC
100 ## - MAIN ENTRY--AUTHOR NAME
Personal name BUCKINGHAM, LELA
245 ## - TITLE STATEMENT
Title FUNDAMENTAL LABORATORY MATHEMATICS: REQUIRED CALCULATION FOR THE MEDICAL LABORATORY PROFESSIONAL
260 ## - PUBLICATION, DISTRIBUTION, ETC. (IMPRINT)
Place of publication PHILADELPHIA
Name of publisher F A DAVIS COMPANY
Year of publication 2014
300 ## - PHYSICAL DESCRIPTION
Number of Pages 337;P
650 ## - SUBJECT ADDED ENTRY--TOPICAL TERM
Topical Term BMLT
942 ## - ADDED ENTRY ELEMENTS (KOHA)
Koha item type Books
Holdings
Lost status Damaged status Collection code Home library Current library Shelving location Date acquired Source of acquisition Cost, normal purchase price Serial Enumeration / chronology Full call number Accession Number Koha item type
    Bachelor of Medical Laboratory Technology JRU Library JRU Library SHELF-72-A 30/08/2024 PURCHASE 5465.00 NEW ARRIVALS SHELF 610.15 28397 Books